Improving achievement with digital age best practices
Salvato in:
| Autore principale: | |
|---|---|
| Natura: | Libro |
| Lingua: | inglese |
| Pubblicazione: |
Sage,
2014
|
| Tags: |
Aggiungi Tag
Nessun Tag, puoi essere il primo ad aggiungerne!!
|
MARC
| LEADER | 00000nam a22000007a 4500 | ||
|---|---|---|---|
| 008 | 210609b ||||| |||| 00| 0 eng d | ||
| 020 | |a 978-1-4522-5550-7 | ||
| 100 | |a MOERSCH, Christopher | ||
| 245 | |a Improving achievement with digital age best practices |c Christopher M . Moersch |g xv, 178p.; ill | ||
| 260 | |b Sage, |c 2014 |h California,Corwin |i 692370 |i 692371 |l LB2822.82 .M72 |m School improvement programs – United States |m Academic achievement – United State. |m Computer assisted instruction – United State |m School improvement programs – New Jersey – Atlantic City – case studies. | ||
| 500 | |a “It includes references and index.” | ||
| 942 | |a lcc |c BK |e Adekanye, I.H. |f 09/05/2021 | ||
| 952 | |0 0 |1 0 |2 lcc |4 0 |6 LB282282 M72 |7 0 |9 2552 |a HOL |b TL |c LP |d 2021-06-09 |l 0 |o LB2822.82 .M72 |p 2021-6403 |r 2021-06-09 00:00:00 |w 2021-06-09 |y BK | ||
| 952 | |0 0 |1 0 |2 lcc |4 0 |6 LB282282 M72 |7 0 |9 2553 |a HOL |b HOL |c LP |d 2021-06-09 |l 0 |o LB2822.82 .M72 |p 2021-6404 |r 2021-06-09 00:00:00 |w 2021-06-09 |y BK | ||
| 999 | |c 1332 |d 1332 | ||